000 00422nam a2200157Ia 4500
005 20250403101306.0
008 231217s9999 xx 000 0 und d
020 _a9788127249595
082 _a658.1 GUP;6
100 _aGupta, Shashi K. Gupta, Neeti.
245 0 _aFinancial management : MBA II sem.
260 _c2007
_bKalyani
_aNew Delhi
300 _a14.47
650 _aFinancial,management,MBA,II
942 _cAA
999 _c190701
_d190701